000 00325nam a22001337a 4500
003 OSt
005 20230816110521.0
008 230816b |||||||| |||| 00| 0 eng d
040 _cIIMT UNIVERSITY
100 _aARIHANT
245 _aA COMPLETE SUCCESS PACKAGE ONLINE BITSAT
260 _aARIHANT PUB.
_b2013
942 _2ddc
_c06
999 _c57049
_d57049